Score 0/12 Timer 04:00
0 Plays Today
term President % Correct
2017 - PresentFrank-Walter Steinmeier
100%
2012 - 2017Joachim Gauck
88.6%
2010 - 2012Christian Wulff
85.6%
2004 - 2010Horst Köhler
84.5%
1999 - 2004Johannes Rau
80.7%
1949 - 1959Theodor Heuss
76.8%
1984 - 1994Richard von Weizsäcker
67.4%
1994 - 1999Roman Herzog
65.7%
1959 - 1969Heinrich Lübke
61.3%
1974 - 1979Walter Scheel
61.3%
1979 - 1984Karl Carstens
56.9%
1969 - 1974Gustav Heinemann
50.8%
Remove Ads.
Support Sporcle.
Get the best of Sporcle when you Go Orange. This ad-free experience offers more features, more stats, and more fun while also helping to support Sporcle. Thank you for becoming a member.

You're not logged in!

Compare scores with friends on all Sporcle quizzes.
OR
Log In

Show Comments

Extras

Top Quizzes Today


Score Distribution

Your Account Isn't Verified!

In order to create a playlist on Sporcle, you need to verify the email address you used during registration. Go to your Sporcle Settings to finish the process.

Report this User

Report this user for behavior that violates our Community Guidelines.

Details: